000 01100cab a2200241 4500
001 X2206
008 090401t1995 xxu||||| |||| 00| 0 eng d
035 _a(Sirsi) u22565
041 _aeng
245 _aRochester upon Medway City Council and Jarrett and Halsey Developments Ltd
260 _c1995
350 _a0
490 _aPlanning Appeal Decisions
_v(1995) 10 PAD 160-168(9)
520 _a5 October 1994. Outline application - 40 houses - new road - revisions to vehicular access - mini-roundabouts - means of access - reserved matters - amended plans - earlier planning permissions - Structure and Local plans - character and appearance of surrounding area - effect of roundabouts on safety and convenience of road users - visiblity standards - speed limits - ARCADY3 analysis - personal injury accidents nearby. (Headnote from journal)
650 _aLOCAL DEVELOPMENT PLANS
650 _aPLANNING PERMISSION
650 _aSAFETY
650 _aSTRUCTURE PLANS
650 _aVEHICULAR ACCESS
690 _aPLANNING LAW AND PRACTICE-CASE LAW
942 _n0
948 _c04/03/1997
999 _c15122
_d15122